000
00298nam a2200121Ia 4500
005
20251222144659.0
008
251222s9999||||xx |||||||||||||| ||spa||
082
_a
270/B41
100
_a
Bellini, Enzo
245
0
_a
Los Santos Padres en la Tradición Cristiana
264
_b
Encuentro
942
_c
LIB
999
_c
17378
_d
17378